Les grands événements de 2015 - Statistiques

Statistiques générales
  • Ce quiz a été pris 31 fois
  • Le résultat moyen est 3 sur 15
Statistiques - réponses
Hint Extra Hint Réponse % Correct
Prise d'otage de l'Hyper Cacher France 9 janvier
73%
Attentat de Charlie Hebdo France 7 janvier
70%
Eclipse solaire le jour de l'équinoxe MONDE 20 mars
33%
La Lituanie adopte l'Euro Lituanie 1er janvier
30%
Mort d'Helmut Schmidt Allemagne 10 novembre
20%
Bousculade de Mina - 700 morts Arabie Saoudite 24 septembre
17%
Mort de Florence Arthaud Argentine 9 mars
17%
Crash du vol 9525 de Germanwings dans les Alpes France 24 mars
13%
Le pape François à Manille Philippines 18 janvier
10%
Inondations dans les Alpes-Maritimes France 3 octobre
10%
Barack Obama rencontre Raul Castro Cuba / Etats-Unis 11 avril
7%
Mort de Guy Béart France 16 septembre
7%
Assassinat de Boris Nemtsov Russie 28 février
7%
Découverte du complexe funéraire de Lavau France 4 mars
7%
1er survol de Pluton 14 juillet
3%
Aucun quiz correspondant
Distribution des résultats
% des personnes avec chaque résultat
Percentile par nombre de réponses
Votre historique - résultats
Vous n’avez pas pris ce quiz